| 000 | 00876nam0a22002411 4500 | ||
|---|---|---|---|
| 001 | rc\2742624 | ||
| 005 | 20250529141820.0 | ||
| 035 | _a(NLR Aleph) 006869741 | ||
| 090 |
_a6934550 _c6934550 |
||
| 100 | _a20110915d1939 |||y0rusy50 ca | ||
| 101 | 0 | _arus | |
| 102 | _aRU | ||
| 105 | _aa z ||||| | ||
| 200 | 1 |
_aКурорт Миргород _e[Краткое описание и характеристика] _fПод ред. д-ра Я. Л. Ровинского _gУкр. курорт. упр. |
|
| 210 |
_aКиев _cГосмедиздат _d1939 _gКн. ф-ка Госполитиздата при СНК УССР |
||
| 215 |
_a47 с. _cил. _d17 см. |
||
| 702 | 1 |
_aРовинский _bЯ.Л. _4340 |
|
| 712 | 0 | 2 | _a"Миргород", курорт (УССР) |
| 801 | 0 |
_aRU _bNLR _gpsbo |
|
| 801 | 1 |
_aRU _bELAR _2rusmarc |
|
| 852 |
_aNLR _j39-9/1210 |
||
| 942 | _cBOOK | ||
| 980 | _aNB | ||